000
00225nam a2200097Ia 4500
001
1115730
005
20250827004032.0
008
250824s9999 xx 000 0 und d
245
0
_a
DEVLET ANA
_c
KEMAL TAHİR
260
_b
KETEBE
999
_c
1115730
_d
1115730